[Event "24.Offene Herner Stadtmeisterschaft 2023"]
[Site "Herne"]
[Date "2023.02.13"]
[Round "3.23"]
[White "Vossen, Dieter"]
[Black "Sikorski, Thomas"]
[Result "0-1"]
[WhiteElo "1500"]
[BlackElo "1693"]
[PlyCount "94"]
[SourceDate "2023.02.17"]

1. e4 e5 2. Bc4 Bc5 3. Qf3 Nf6 4. Nc3 O-O 5. Nd5 Nxd5 6. Bxd5 c6 7. Bb3 d6 8. Ne2 Be6 9. O-O Bxb3 10. Qxb3 b5 11. a4 a6 12. c3 Qb6 13. axb5 cxb5 14. Qd5 Qc6 15. d4 Qxd5 16. exd5 exd4 17. b4 Bb6 18. Nxd4 Bxd4 19. cxd4 Nd7 20. Bf4 Nf6 21. Bxd6 Rfd8 22. Bc5 Nxd5 23. Ra3 Re8 24. Rfa1 Re6 25. Kf1 f5 26. Re1 Rxe1+ 27. Kxe1 Re8+ 28. Kd2 Re6 29. Rf3 g6 30. g4 fxg4 31. Rf8+ Kg7 32. Rd8 Nf4 33. d5 Re4 34. d6 Ne6 35. Ra8 Re5 36. Kd3 Kf6 37. Rxa6 Rxc5 38. bxc5 Nxc5+ 39. Kd4 Nxa6 40. Kd5 Nb8 41. Kc5 Ke6 42. Kxb5 Kxd6 43. Kc4 Ke5 44. Kd3 Kf4 45. Ke2 Nc6 46. Kf1 Kf3 47. Kg1 Ne5 0-1

[Event "24.Offene Herner Stadtmeisterschaft 2023"]
[Site "?"]
[Date "2023.02.13"]
[Round "3.24"]
[White "Steinke, Hans-Jörg"]
[Black "Bock, Oswin"]
[Result "1/2-1/2"]
[WhiteElo "1644"]
[BlackElo "1378"]
[PlyCount "58"]
[SourceVersionDate "2023.02.14"]

1. d4 Nf6 2. c4 e6 3. Nf3 b6 4. g3 Ba6 5. b3 Bb4+ 6. Bd2 Be7 7. Nc3 Bb7 8. Bg2 h6 9. O-O d6 10. Qc2 Nbd7 11. e4 c5 12. d5 e5 13. Nh4 g6 14. Qc1 Ng8 15. Nf3 a6 16. a4 Bf6 17. Ne1 Bg7 18. Bh3 Ngf6 19. Nd3 Bc8 20. f4 exf4 21. Bxf4 Ne5 22. Nxe5 Bxh3 23. Nc6 Qd7 24. Re1 Nh5 25. e5 Kf8 26. exd6 Nxf4 27. Qxf4 g5 28. Qe3 Qxd6 29. Rac1 Bd7 1/2-1/2

[Event "24.Offene Herner Stadtmeisterschaft 2023"]
[Site "?"]
[Date "2023.02.13"]
[Round "3.26"]
[White "Feldhaus, Thomas"]
[Black "Krolik, Wilfried"]
[Result "1-0"]
[WhiteElo "1690"]
[BlackElo "1443"]
[PlyCount "77"]
[SourceVersionDate "2023.02.14"]

1. d4 d5 2. Nf3 e6 3. c4 dxc4 4. e3 Nf6 5. Bxc4 Bb4+ 6. Bd2 Bxd2+ 7. Qxd2 O-O 8. O-O Nbd7 9. Rd1 c6 10. a4 a5 11. Nc3 b6 12. Qe2 Qc7 13. e4 Bb7 14. Rac1 Rac8 15. e5 Ne8 16. Bd3 g6 17. Qe3 Kg7 18. Ng5 c5 19. Nb5 Qb8 20. Qh3 Rh8 21. Nxf7 Kxf7 22. Bxg6+ Kxg6 23. Qxe6+ Nef6 24. exf6 Nxf6 25. Rc3 Rc6 26. Qh3 Re8 27. d5 Nxd5 28. Qd3+ Kg7 29. Qxd5 Rce6 30. Qd2 Kh8 31. Rg3 Qe5 32. h3 Rg6 33. Rxg6 hxg6 34. Qh6+ Kg8 35. Qxg6+ Kf8 36. Qd6+ Qxd6 37. Nxd6 Rd8 38. Rd2 Bc8 39. Nc4 1-0

[Event "24.Offene Herner Stadtmeisterschaft 2023"]
[Site "?"]
[Date "2023.02.13"]
[Round "3.27"]
[White "Böcher, Joachim"]
[Black "Bialas, Jan-Philip"]
[Result "0-1"]
[WhiteElo "1459"]
[BlackElo "1675"]
[PlyCount "90"]
[SourceVersionDate "2023.02.14"]

1. d4 d6 2. g3 g6 3. Bg2 Bg7 4. Nf3 Nd7 5. O-O e5 6. dxe5 Nxe5 7. Nxe5 Bxe5 8. c3 Ne7 9. Nd2 O-O 10. Nf3 Bg7 11. Nd4 c6 12. Bg5 Qc7 13. Qc1 Re8 14. Re1 Nf5 15. Nxf5 Bxf5 16. e4 Be6 17. Bh6 Bh8 18. Be3 c5 19. Qd2 Rad8 20. Qc2 d5 21. exd5 Bxd5 22. Bxd5 Rxd5 23. Rad1 Rde5 24. Bd2 Rxe1+ 25. Rxe1 Rxe1+ 26. Bxe1 Qe5 27. Kf1 Qd5 28. Qb3 Qd3+ 29. Kg2 Qe2 30. Qxb7 Qxe1 31. Qc8+ Kg7 32. Qxc5 Qe4+ 33. Kg1 Qb1+ 34. Kg2 h6 35. Qd4+ Kg8 36. Qd8+ Kh7 37. Qe7 Qxa2 38. h4 h5 39. Qb7 Bf6 40. b3 Kg7 41. Qb4 Qb2 42. g4 Qxc3 43. Qxc3 Bxc3 44. gxh5 gxh5 45. Kf3 Bf6 0-1

[Event "24.Offene Herner Stadtmeisterschaft 2023"]
[Site "Herne"]
[Date "2023.02.13"]
[Round "3.28"]
[White "Nizak, Bodo"]
[Black "Buchop, Rainer"]
[Result "1-0"]
[WhiteElo "1602"]
[BlackElo "1440"]
[PlyCount "101"]
[SourceDate "2023.02.17"]

1. e4 c5 2. Nf3 Nc6 3. d4 cxd4 4. Nxd4 Nf6 5. Nc3 e5 6. Ndb5 d6 7. Bg5 a6 8. Bxf6 gxf6 9. Na3 b5 10. Nd5 Bg7 11. c3 f5 12. Bd3 f4 13. g4 Ne7 14. h4 Nxd5 15. exd5 h6 16. Qe2 Bd7 17. O-O-O Qc7 18. Nc2 O-O-O 19. Nb4 Kb7 20. Be4 Qc5 21. Rd2 Rc8 22. Nc6 Rc7 23. Kb1 Re8 24. Rc1 Rxc6 25. dxc6+ Bxc6 26. Rcd1 Rd8 27. Qf3 Kc7 28. Bxc6 Qxc6 29. Rd5 Bf6 30. h5 Be7 31. Qe4 Qb6 32. Qe2 Bh4 33. R1d2 Bg5 34. Rc2 Kd7 35. Qxe5 Kc7 36. Qe2 Rd7 37. Qe4 Re7 38. Qh1 Re8 39. c4 bxc4 40. Rxc4+ Kd7 41. Qf1 Bf6 42. Rd2 Qb7 43. Ra4 Rb8 44. Rxa6 Bxb2 45. Raxd6+ Ke8 46. Qe2+ Qe7 47. Qxe7+ Kxe7 48. Rxb2 Rxb2+ 49. Kxb2 Kxd6 50. Kc3 Kc5 51. Kd3 1-0

[Event "24.Offene Herner Stadtmeisterschaft 2023"]
[Site "?"]
[Date "2023.02.13"]
[Round "3.29"]
[White "Meinberger, Manfred"]
[Black "Schmitz, Christopher"]
[Result "0-1"]
[WhiteElo "1575"]
[BlackElo "1562"]
[PlyCount "84"]
[SourceVersionDate "2023.02.14"]

1. d4 d5 2. c4 e6 3. Nc3 Nf6 4. Bg5 dxc4 5. e3 c5 6. dxc5 Qxd1+ 7. Rxd1 Bxc5 8. Bxf6 gxf6 9. Bxc4 Bd7 10. Nge2 Nc6 11. Ng3 f5 12. Nb5 Bb4+ 13. Ke2 Ke7 14. a3 Ne5 15. axb4 Nxc4 16. Nd4 Nxb2 17. Rd2 Nc4 18. Rc2 Rac8 19. Rhc1 Nd6 20. f4 Rxc2+ 21. Rxc2 Nb5 22. Kd3 Rd8 23. Nge2 Bc6 24. Rc5 Nxd4 25. exd4 Bxg2 26. Nc3 Bf1+ 27. Ke3 b6 28. Rc7+ Rd7 29. Rc8 Kd6 30. Rh8 f6 31. Rf8 Rc7 32. Kd2 a6 33. Rxf6 Rc4 34. d5 Rd4+ 35. Ke3 Rd3+ 36. Kf2 Rxc3 37. Kxf1 Kxd5 38. Rh6 Rf3+ 39. Kg2 Rxf4 40. Rxh7 Rg4+ 41. Kf3 Ke5 42. h4 Kf6 0-1

[Event "24.Offene Herner Stadtmeisterschaft 2023"]
[Site "Herne"]
[Date "2023.02.13"]
[Round "3.30"]
[White "Scheithauer, Ralf"]
[Black "Ponto, Michael"]
[Result "1/2-1/2"]
[WhiteElo "1368"]
[BlackElo "1552"]
[PlyCount "152"]
[SourceDate "2023.02.17"]

1. e4 c5 2. Nf3 Nc6 3. d4 cxd4 4. Nxd4 a6 5. Nc3 d6 6. Be3 Nf6 7. Be2 e6 8. a3 Be7 9. O-O O-O 10. Re1 Qc7 11. Bd3 Bd7 12. Nce2 Ne5 13. Ng3 Nxd3 14. Qxd3 Rac8 15. c3 Ng4 16. Bd2 Ne5 17. Qc2 Nc4 18. Bc1 e5 19. Nf3 Rfd8 20. Nd2 Be6 21. Nxc4 Bxc4 22. Be3 d5 23. exd5 Rxd5 24. Rad1 Rcd8 25. Rxd5 Rxd5 26. Rd1 Qd7 27. Rxd5 Qxd5 28. Nf5 Bf6 29. Qd2 Bd3 30. Ng3 e4 31. Qd1 Qa2 32. Qc1 g6 33. Nf1 h5 34. h3 Kh7 35. Nd2 Be7 36. f3 f5 37. fxe4 fxe4 38. Nf1 b5 39. Qd2 Qb1 40. Qc1 Qxc1 41. Bxc1 g5 42. Be3 Kg6 43. Nd2 Kf5 44. Kf2 g4 45. hxg4+ Kxg4 46. Nb3 Bc2 47. Nd2 h4 48. Nf1 Bd6 49. Bh6 Bd3 50. Ne3+ Kh5 51. Bg7 Bg3+ 52. Kg1 Kg5 53. Bd4 a5 54. Bb6 a4 55. Nd1 Be1 56. Be3+ Kg4 57. Nf2+ Kf5 58. Kh2 Bxf2 59. Bxf2 Kg4 60. Be3 Bf1 61. Kg1 Be2 62. Kf2 Bc4 63. Bh6 h3 64. gxh3+ Kxh3 65. Ke3 Bd3 66. Bf4 Kg2 67. Kd2 Kf3 68. Be3 Kg4 69. Bh6 Kf5 70. Be3 Kg4 71. Bh6 Kf5 72. Be3 Ke5 73. Bd4+ Kd5 74. Bg7 Kc4 75. Bh6 Kb3 76. Kc1 Be2 77. Bg5 Kc4 78. Kd2 Bf3 1/2-1/2

[Event "24.Offene Herner Stadtmeisterschaft 2023"]
[Site "?"]
[Date "2023.02.13"]
[Round "3.32"]
[White "Ehm, Christian"]
[Black "Mrowetz, Josef"]
[Result "1-0"]
[WhiteElo "1345"]
[BlackElo "1470"]
[PlyCount "87"]
[SourceVersionDate "2023.02.14"]

1. c4 e5 2. g3 Nf6 3. Bg2 Nc6 4. Nc3 d6 5. e3 Be7 6. Nge2 O-O 7. a3 Bd7 8. O-O Qc8 9. d4 Bh3 10. d5 Bxg2 11. Kxg2 Nd8 12. Qc2 c6 13. Qb3 b6 14. f3 Nd7 15. dxc6 Nc5 16. Qd1 Nxc6 17. Nd5 Qd7 18. b4 Ne6 19. Bb2 f5 20. f4 Rad8 21. Qc2 Nc7 22. Rad1 Ne8 23. fxe5 Qe6 24. Nef4 Qd7 25. e6 Qb7 26. b5 Ne5 27. Kg1 Ng4 28. Qc3 Nef6 29. h3 Ne5 30. Nd3 Ne4 31. Qc2 Rc8 32. Nxe5 dxe5 33. Bxe5 Nf6 34. Nxe7+ Qxe7 35. Qxf5 Rce8 36. Bd6 Qxe6 37. Qxe6+ Rxe6 38. Bxf8 Kxf8 39. Rf3 Ke7 40. Kf2 Ne4+ 41. Kg2 Nc3 42. Rdf1 Kd6 43. Rf7 Rxe3 44. R7f3 1-0

[Event "24.Offene Herner Stadtmeisterschaft 2023"]
[Site "?"]
[Date "2023.02.27"]
[Round "4.1"]
[White "Koscielski, Janusz"]
[Black "Waldschmidt, Georg"]
[Result "1-0"]
[WhiteElo "2220"]
[BlackElo "2135"]
[PlyCount "81"]
[SourceVersionDate "2023.02.27"]

1. e4 e5 2. Nf3 Nc6 3. Bc4 Nf6 4. d3 Be7 5. O-O d6 6. a4 O-O 7. Nc3 Be6 8. Nd5 Bxd5 9. exd5 Nd4 10. Nxd4 exd4 11. c3 dxc3 12. bxc3 Nd7 13. a5 Bg5 14. f4 Bf6 15. d4 Re8 16. Bd2 Re7 17. Qf3 Rc8 18. a6 c5 19. dxc6 bxc6 20. Rfe1 Nb6 21. Rxe7 Bxe7 22. Bd3 d5 23. Re1 Bf6 24. Qh3 g6 25. f5 Qd7 26. Qf3 Bg7 27. Qe2 Rd8 28. Bg5 Rb8 29. Bf4 Rd8 30. Qe7 Bf8 31. Qxd7 Nxd7 32. Rb1 c5 33. Rb7 cxd4 34. cxd4 Bg7 35. Be3 Nb8 36. Rxa7 Nc6 37. Rc7 Bxd4 38. Bxd4 Nxd4 39. a7 Ra8 40. f6 h5 41. Kf2 1-0

[Event "24.Offene Herner Stadtmeisterschaft 2023"]
[Site "?"]
[Date "2023.02.27"]
[Round "4.2"]
[White "Cobanoglu, Ferhat"]
[Black "Quast, Marcel"]
[Result "0-1"]
[WhiteElo "1911"]
[BlackElo "2218"]
[PlyCount "100"]
[SourceVersionDate "2023.02.28"]

1. e3 f5 2. c4 Nf6 3. Nc3 d6 4. d4 c6 5. Bd3 e5 6. Nge2 g6 7. Bc2 Be6 8. dxe5 dxe5 9. Qxd8+ Kxd8 10. b3 Nfd7 11. e4 f4 12. h4 h5 13. g3 fxg3 14. Nxg3 Bg4 15. Nf1 Na6 16. a3 Nac5 17. Nh2 Be7 18. Rg1 Ne6 19. Nxg4 hxg4 20. Rxg4 Nd4 21. Ra2 Rxh4 22. Rxh4 Bxh4 23. Be3 Nc5 24. b4 Nce6 25. Bd1 Ke7 26. Bg4 Rf8 27. b5 Nc5 28. Kf1 Kd6 29. Kg2 Bd8 30. Ne2 Ncb3 31. bxc6 bxc6 32. a4 Bb6 33. a5 Nxa5 34. f4 Nxc4 35. fxe5+ Kxe5 36. Bxd4+ Bxd4 37. Nxd4 Kxd4 38. Ra4 Kd3 39. Be2+ Kxe2 40. Rxc4 Rf6 41. e5 Re6 42. Re4+ Kd3 43. Kf3 c5 44. Kf4 c4 45. Re3+ Kd2 46. Ra3 c3 47. Rxa7 Rc6 48. Rd7+ Ke2 49. Rd6 Rxd6 50. exd6 c2 0-1

[Event "24.Offene Herner Stadtmeisterschaft 2023"]
[Site "?"]
[Date "2023.02.27"]
[Round "4.3"]
[White "Kiese, Prof.Dr., Matthias"]
[Black "Schulze-Schwering, Philipp"]
[Result "1/2-1/2"]
[WhiteElo "2149"]
[BlackElo "2037"]
[PlyCount "79"]
[SourceVersionDate "2023.02.28"]

1. d4 d5 2. c4 e6 3. Nc3 Nf6 4. Bg5 dxc4 5. e3 c5 6. Bxc4 cxd4 7. exd4 Nc6 8. Nf3 Be7 9. O-O O-O 10. a3 a6 11. Ba2 Qb6 12. Qb3 Qxb3 13. Bxb3 Rd8 14. Rfd1 h6 15. Bf4 Bd7 16. Bc7 Rdc8 17. Bb6 Bd8 18. Bxd8 Rxd8 19. d5 Na5 20. Ba2 exd5 21. Nxd5 Nxd5 22. Rxd5 Nc6 23. Rad1 Be8 24. Rxd8 Rxd8 25. Rxd8 Nxd8 26. Nd4 Nc6 27. Nf5 Kf8 28. f4 f6 29. Kf2 Bd7 30. Nd6 b6 31. Bd5 Ke7 32. Nc4 b5 33. Nd2 Kd6 34. Ba2 Bf5 35. Ke3 Ne7 36. g3 Bd7 37. Ne4+ Kc6 38. Nc3 Bh3 39. Kf3 Bd7 40. Ne2 1/2-1/2

[Event "24.Offene Herner Stadtmeisterschaft 2023"]
[Site "Herne"]
[Date "2023.02.27"]
[Round "4.4"]
[White "Trzaska, Peter"]
[Black "Dunsche, Daniel"]
[Result "1/2-1/2"]
[WhiteElo "2036"]
[BlackElo "1959"]
[PlyCount "27"]
[SourceDate "2023.03.02"]

1. c4 Nf6 2. Nc3 g6 3. e4 d6 4. d4 Bg7 5. Be2 O-O 6. Be3 e5 7. d5 Nbd7 8. g4 Nc5 9. f3 a5 10. b4 h5 11. Bg5 hxg4 12. fxg4 Qd7 13. Bxf6 Bxf6 14. Qd2 1/2-1/2

[Event "24.Offene Herner Stadtmeisterschaft 2023"]
[Site "Herne"]
[Date "2023.02.27"]
[Round "4.5"]
[White "Lang, Daniel"]
[Black "Nebel, Uwe"]
[Result "1-0"]
[WhiteElo "2116"]
[BlackElo "1809"]
[PlyCount "47"]
[SourceDate "2023.03.02"]

1. d4 f5 2. e4 fxe4 3. Nc3 Nf6 4. Bg5 c6 5. Qe2 Qa5 6. Bxf6 exf6 7. Qxe4+ Be7 8. Bd3 d5 9. Qe2 Qb6 10. O-O-O Kf8 11. Re1 Qd8 12. h4 Na6 13. g4 Nb4 14. Rh3 Nxd3+ 15. Rxd3 Bb4 16. Nh3 Kf7 17. Ng5+ Kf8 18. Re3 Bd7 19. Ne6+ Bxe6 20. Rxe6 Kf7 21. g5 f5 22. Qe5 Rf8 23. Rxc6 Qd7 24. Rc7 1-0

[Event "24.Offene Herner Stadtmeisterschaft 2023"]
[Site "?"]
[Date "2023.02.27"]
[Round "4.6"]
[White "Radi, Günter"]
[Black "Hammerich, Simon"]
[Result "1-0"]
[WhiteElo "1837"]
[BlackElo "2092"]
[PlyCount "113"]
[SourceVersionDate "2023.02.28"]

1. d4 Nf6 2. c4 e6 3. Nc3 Bb4 4. Bg5 c5 5. e3 Qa5 6. Bxf6 Bxc3+ 7. bxc3 Qxc3+ 8. Ke2 gxf6 9. Rc1 Qb2+ 10. Rc2 Qb6 11. d5 d6 12. g3 e5 13. Bh3 Bd7 14. Bxd7+ Nxd7 15. e4 Qa6 16. Qd3 Rb8 17. Nf3 b5 18. Rb1 bxc4 19. Rxb8+ Ke7 20. Qxc4 Qxc4+ 21. Rxc4 Rxb8 22. Ra4 Rb4 23. Rxb4 cxb4 24. Nh4 Nc5 25. f3 a5 26. Kd2 a4 27. Kc2 Kd7 28. Nf5 b3+ 29. axb3 Nxb3 30. Kc3 Kc7 31. h3 Nc1 32. Kd2 Nb3+ 33. Kc3 Nd4 34. Nxd4 exd4+ 35. Kxd4 Kb6 36. Kc4 a3 37. Kb3 Kc5 38. Kxa3 f5 39. Ka4 h5 40. exf5 Kxd5 41. Kb3 Kd4 42. g4 h4 43. Kc2 Ke5 44. Kd3 d5 45. f4+ Kxf4 46. Kd4 f6 47. Kxd5 Kg3 48. g5 fxg5 49. f6 g4 50. f7 gxh3 51. f8=Q Kg2 52. Qg7+ Kf2 53. Qf6+ Kg2 54. Qg5+ Kh1 55. Ke4 h2 56. Kf3 h3 57. Qc1# 1-0

[Event "24.Offene Herner Stadtmeisterschaft 2023"]
[Site "?"]
[Date "2023.02.27"]
[Round "4.7"]
[White "Boost, Jürgen"]
[Black "Hahn, Matthias"]
[Result "0-1"]
[WhiteElo "1813"]
[BlackElo "2084"]
[PlyCount "53"]
[SourceVersionDate "2023.02.28"]

1. e4 e5 2. Nf3 Nc6 3. Bb5 a6 4. Bxc6 dxc6 5. O-O Qf6 6. d3 Ne7 7. Nbd2 Ng6 8. Nc4 Bg4 9. h3 Bxf3 10. Qxf3 Qxf3 11. gxf3 Bd6 12. Kh2 O-O-O 13. Rg1 Rdf8 14. Nxd6+ cxd6 15. Be3 f5 16. Rg5 f4 17. Bb6 Nh4 18. Rxg7 Rhg8 19. Rg4 Nxf3+ 20. Kg2 Nh4+ 21. Kh1 Rxg4 22. hxg4 Rg8 23. Rg1 Nf3 24. Rg2 Rg6 25. g5 h6 26. Rg4 hxg5 27. Kg2 0-1

[Event "24.Offene Herner Stadtmeisterschaft 2023"]
[Site "Herne"]
[Date "2023.02.27"]
[Round "4.8"]
[White "Gaussmann,Thomas"]
[Black "Melmer, Felix"]
[Result "0-1"]
[WhiteElo "1741"]
[BlackElo "2031"]
[PlyCount "26"]
[SourceDate "2023.03.02"]

1. e4 c5 2. c3 e6 3. d4 cxd4 4. cxd4 d5 5. e5 Nc6 6. Nf3 Qb6 7. Bd3 Bd7 8. Be3 Qxb2 9. Nbd2 Qa3 10. Nb3 Bb4+ 11. Kf1 Bc3 12. Bc1 Qa4 13. Qe2 Bxa1 0-1

[Event "24.Offene Herner Stadtmeisterschaft 2023"]
[Site "Herne"]
[Date "2023.02.27"]
[Round "4.9"]
[White "Althoff, Ralph"]
[Black "Schmidt, Sebastian"]
[Result "1-0"]
[WhiteElo "1976"]
[BlackElo "1873"]
[PlyCount "55"]
[SourceDate "2023.03.02"]

1. d4 d5 2. Bf4 Nf6 3. e3 e6 4. Nd2 Bd6 5. Ngf3 O-O 6. Bd3 c5 7. c3 Qc7 8. Bxd6 Qxd6 9. Ne5 Nbd7 10. f4 b6 11. O-O Bb7 12. Qb1 Rfe8 13. Rf3 Nf8 14. Rh3 cxd4 15. exd4 Ng6 16. Bxg6 fxg6 17. Qd3 Nh5 18. Rf1 Rf8 19. g3 a5 20. Qe3 b5 21. Ndf3 b4 22. Ng5 Nf6 23. Re1 bxc3 24. Qxc3 Ne4 25. Rxe4 dxe4 26. Rxh7 Rfc8 27. Nxg6 Rxc3 28. Rh8# 1-0

[Event "24.Offene Herner Stadtmeisterschaft 2023"]
[Site "?"]
[Date "2023.02.27"]
[Round "4.10"]
[White "Wichen, Ulrich"]
[Black "Westendorp, Christian"]
[Result "1-0"]
[WhiteElo "1941"]
[BlackElo "1851"]
[PlyCount "83"]
[SourceVersionDate "2023.02.28"]

1. e4 c5 2. Nf3 e6 3. d4 cxd4 4. Nxd4 a6 5. Nc3 Qc7 6. Be3 Bb4 7. Qf3 Nf6 8. O-O-O Bxc3 9. bxc3 d5 10. exd5 Nxd5 11. c4 Nxe3 12. Qxe3 O-O 13. Bd3 Qa5 14. Kb2 Nc6 15. Nb3 Qc7 16. f4 b5 17. Qc5 bxc4 18. Qxc4 Rb8 19. Be4 Bd7 20. Rxd7 Qxd7 21. Bxc6 Qd6 22. Be4 f5 23. Bd3 a5 24. Re1 Rb6 25. Re5 a4 26. Qxa4 Rc8 27. Rb5 Rbc6 28. Rb7 Qf8 29. Qd4 Rd6 30. Qe5 Ra8 31. Kb1 Kh8 32. Rxg7 Rd5 33. Rf7+ Rxe5 34. Rxf8+ Rxf8 35. fxe5 Rg8 36. g3 h5 37. Nd4 h4 38. Ne2 hxg3 39. hxg3 Rd8 40. Nf4 Rb8+ 41. Kc1 Ra8 42. Bc4 1-0

[Event "24.Offene Herner Stadtmeisterschaft 2023"]
[Site "Herne"]
[Date "2023.02.27"]
[Round "4.11"]
[White "Winterkamp, Sascha"]
[Black "Löffelbein, Klaus"]
[Result "1/2-1/2"]
[WhiteElo "1934"]
[BlackElo "1834"]
[PlyCount "58"]
[SourceDate "2023.03.02"]

1. d4 d5 2. Nf3 Nf6 3. c3 Bf5 4. Qb3 Qc8 5. h3 a5 6. a4 h6 7. Bf4 Nbd7 8. Na3 c6 9. e3 e6 10. Be2 Be7 11. c4 Bb4+ 12. Kf1 g5 13. Bh2 Ne4 14. g4 Bg6 15. Rc1 h5 16. cxd5 hxg4 17. hxg4 exd5 18. Kg2 Ndf6 19. Bg3 Rxh1 20. Rxh1 Nxg3 21. Rh8+ Bf8 22. fxg3 Be4 23. Kf1 Bxf3 24. Bxf3 Qc7 25. Kg2 O-O-O 26. Qc2 Bxa3 27. Rxd8+ Kxd8 28. bxa3 Ne8 29. e4 dxe4 1/2-1/2

[Event "24.Offene Herner Stadtmeisterschaft 2023"]
[Site "Herne"]
[Date "2023.02.27"]
[Round "4.12"]
[White "Bautz, Volker"]
[Black "Pinno, Gregor"]
[Result "0-1"]
[WhiteElo "1799"]
[BlackElo "1911"]
[PlyCount "48"]
[SourceDate "2023.03.02"]

1. d4 Nf6 2. Nc3 d6 3. e4 Nbd7 4. f4 e5 5. Nf3 exd4 6. Nxd4 g6 7. Be2 Bg7 8. Be3 O-O 9. Qd2 Re8 10. O-O-O Nxe4 11. Nxe4 Rxe4 12. Bf3 Re8 13. f5 Ne5 14. Bg5 Bf6 15. Bh6 d5 16. g4 c5 17. fxg6 hxg6 18. Nb5 Nxf3 19. Qxd5 Qxd5 20. Rxd5 Be6 21. Rd3 Ne5 22. Ra3 Rec8 23. Rg1 Bh8 24. h3 Bc4 0-1

[Event "24.Offene Herner Stadtmeisterschaft 2023"]
[Site "?"]
[Date "2023.02.27"]
[Round "4.13"]
[White "Schmidt, Ralph"]
[Black "Schulz, Angelika"]
[Result "1-0"]
[WhiteElo "1873"]
[BlackElo "1590"]
[PlyCount "95"]
[SourceVersionDate "2023.02.28"]

1. e4 c5 2. Nc3 Nc6 3. d3 e6 4. Be3 d5 5. exd5 exd5 6. d4 cxd4 7. Bxd4 Be6 8. g3 Nxd4 9. Qxd4 Nf6 10. Bg2 Qb6 11. Qxb6 axb6 12. Nge2 Bb4 13. O-O O-O 14. Rad1 Rfd8 15. a3 Bc5 16. Nd4 Rac8 17. Rfe1 Bg4 18. Rd3 Re8 19. Rxe8+ Rxe8 20. Kf1 Bxd4 21. Rxd4 Bf5 22. Nxd5 Nxd5 23. Rxd5 Bxc2 24. Rd7 Ba4 25. Rd5 Bc6 26. Rd1 g6 27. Bxc6 bxc6 28. Rd6 Rc8 29. Ke2 Re8+ 30. Kd3 Re6 31. Rxe6 fxe6 32. Ke4 Kf7 33. Ke5 Ke7 34. b4 Kd7 35. Kd4 Kd6 36. a4 Kc7 37. a5 Kb7 38. f4 c5+ 39. Kc4 cxb4 40. axb6 Kxb6 41. Kxb4 Kc6 42. Kc4 Kd6 43. Kd4 Ke7 44. Ke5 h5 45. h3 Kf7 46. g4 hxg4 47. hxg4 Ke7 48. g5 1-0

[Event "24.Offene Herner Stadtmeisterschaft 2023"]
[Site "?"]
[Date "2023.02.27"]
[Round "4.14"]
[White "Funke, Eckhard"]
[Black "Bauer, Matthias"]
[Result "1/2-1/2"]
[WhiteElo "1868"]
[BlackElo "1695"]
[PlyCount "96"]
[SourceVersionDate "2023.02.28"]

1. d4 d5 2. c4 c6 3. Nf3 Nf6 4. e3 Bf5 5. Nc3 dxc4 6. Bxc4 e6 7. h3 Nbd7 8. Bd3 Bxd3 9. Qxd3 Be7 10. O-O O-O 11. b3 Nd5 12. Bb2 Rc8 13. Rac1 Nb4 14. Qb1 Qa5 15. a3 Nd5 16. Na4 N5b6 17. Nc5 Nxc5 18. dxc5 Nd5 19. b4 Qd8 20. Rfd1 Qe8 21. e4 Nf4 22. Qc2 f6 23. e5 f5 24. Qd2 g5 25. Kh2 Rd8 26. Qe3 Qh5 27. Ng1 Nd5 28. Qe2 g4 29. g3 Kh8 30. Rc4 Bg5 31. Bc1 Rg8 32. Bxg5 Rxg5 33. f4 Rg7 34. h4 Rgd7 35. Re1 Ne7 36. Rc2 Ng6 37. Qf2 Rd3 38. Ne2 Rxa3 39. Kg2 Rdd3 40. Rec1 Ne7 41. Rc3 Nd5 42. Rxa3 Rxa3 43. Qd4 Ra2 44. Kf2 Qe8 45. Ra1 Rxa1 46. Qxa1 a6 47. Qd4 Kg8 48. Qc4 Kf7 1/2-1/2

[Event "24.Offene Herner Stadtmeisterschaft 2023"]
[Site "Herne"]
[Date "2023.02.27"]
[Round "4.15"]
[White "Schicktanz, Florian"]
[Black "Koch, Burkhard"]
[Result "1-0"]
[WhiteElo "1731"]
[BlackElo "1765"]
[PlyCount "45"]
[SourceDate "2023.03.02"]

1. c4 Nf6 2. Nc3 e6 3. g3 c6 4. d4 d5 5. cxd5 exd5 6. Bg2 Be7 7. Nf3 O-O 8. O-O Re8 9. Re1 Bf5 10. Bf4 Bd6 11. Bxd6 Qxd6 12. Qb3 Na6 13. Ne5 Qb4 14. e4 Qxb3 15. axb3 Nxe4 16. Bxe4 Bxe4 17. Nxe4 dxe4 18. Nxc6 Nc7 19. Rxa7 Rxa7 20. Nxa7 Ra8 21. Rc1 Nd5 22. Rc8+ Rxc8 23. Nxc8 1-0

[Event "24.Offene Herner Stadtmeisterschaft 2023"]
[Site "?"]
[Date "2023.02.27"]
[Round "4.16"]
[White "Dlouhy, Peter"]
[Black "Müller-Kreth, Kai"]
[Result "1-0"]
[WhiteElo "1750"]
[BlackElo "1732"]
[PlyCount "122"]
[SourceVersionDate "2023.02.28"]

1. d4 Nf6 2. Nf3 d5 3. Bf4 Bf5 4. e3 e6 5. Nbd2 h6 6. Be2 Nbd7 7. c3 g5 8. Bg3 Nh5 9. Be5 Nxe5 10. Nxe5 Ng7 11. Qa4+ c6 12. g4 Bh7 13. Bd3 Bxd3 14. Nxd3 Bd6 15. e4 dxe4 16. Nxe4 Be7 17. O-O-O Qc7 18. Kb1 O-O 19. Qc2 b6 20. h4 gxh4 21. f4 f5 22. Nef2 Bf6 23. Qe2 Rae8 24. Ne5 Bxe5 25. fxe5 Qe7 26. Rdg1 Kf7 27. Rg2 Rg8 28. Rhg1 Rd8 29. g5 hxg5 30. Rxg5 Qd7 31. Kc2 Qd5 32. b3 c5 33. Rg6 Rdf8 34. Qa6 Qd7 35. Qe2 Rd8 36. R6g2 Qd5 37. Nh3 Qd7 38. Ng5+ Kf8 39. Nh7+ Kf7 40. Nf6 Qe7 41. Nxg8 Rxg8 42. Rh2 Rh8 43. Qg2 Kf8 44. Qa8+ Ne8 45. Rg5 Kf7 46. Qg2 Rh7 47. Qf2 Qb7 48. Qg2 Qxg2+ 49. Rgxg2 Nc7 50. c4 b5 51. Rh3 a5 52. Rd2 Kg6 53. Rdh2 a4 54. Rxh4 axb3+ 55. axb3 Rg7 56. Rh6+ Kf7 57. Rh7 bxc4 58. bxc4 Na6 59. Rxg7+ Kxg7 60. Kc3 Nb4 61. Rd2 Kf7 1-0

[Event "24.Offene Herner Stadtmeisterschaft 2023"]
[Site "?"]
[Date "2023.02.27"]
[Round "4.17"]
[White "Sikorski, Thomas"]
[Black "Kleinert, Andreas"]
[Result "0-1"]
[WhiteElo "1693"]
[BlackElo "1749"]
[PlyCount "60"]
[SourceVersionDate "2023.02.28"]

1. c4 e6 2. Nf3 d5 3. d4 c5 4. Nc3 cxd4 5. Nxd4 e5 6. Nc2 d4 7. Nd5 Ne7 8. e4 Ng6 9. Bd3 Bd6 10. O-O Be6 11. f4 Bxd5 12. exd5 O-O 13. f5 Nf4 14. Bxf4 exf4 15. Nxd4 Qb6 16. Bc2 Be5 17. Kh1 Qxd4 18. Qxd4 Bxd4 19. Rxf4 Bxb2 20. Rb1 Re8 21. Be4 Be5 22. Rff1 Nd7 23. Bf3 Nc5 24. Rb5 Bd6 25. g4 h6 26. h4 b6 27. g5 hxg5 28. hxg5 Ne4 29. Bxe4 Rxe4 30. f6 g6 0-1

[Event "24.Offene Herner Stadtmeisterschaft 2023"]
[Site "Herne"]
[Date "2023.02.27"]
[Round "4.19"]
[White "Mücke, Lukas Benedikt"]
[Black "Mayeres, Hans-Christian"]
[Result "0-1"]
[WhiteElo "1599"]
[BlackElo "1763"]
[PlyCount "48"]
[SourceDate "2023.03.02"]

1. e4 g6 2. d4 Bg7 3. Be3 c5 4. c3 Nf6 5. Nd2 cxd4 6. cxd4 Qa5 7. Qc2 Nc6 8. Nf3 Ng4 9. Be2 Nxe3 10. fxe3 Bh6 11. Qb3 Qb4 12. Kf2 d6 13. a3 Qxb3 14. Nxb3 Bg4 15. Rac1 O-O 16. Rc2 a5 17. Rhc1 Rfc8 18. d5 Ne5 19. Rxc8+ Bxc8 20. Nxa5 Ng4+ 21. Kg3 Nxe3 22. Rc7 f5 23. Nxb7 fxe4 24. Nd4 Nxd5 0-1

[Event "24.Offene Herner Stadtmeisterschaft 2023"]
[Site "Herne"]
[Date "2023.02.27"]
[Round "4.20"]
[White "von Blumenthal, Nikolaus"]
[Black "Ewers, Christian"]
[Result "0-1"]
[WhiteElo "1541"]
[BlackElo "1762"]
[PlyCount "44"]
[SourceDate "2023.03.02"]

1. e4 Nf6 2. Nc3 d6 3. Bc4 g6 4. Nge2 Bg7 5. O-O O-O 6. d3 c6 7. a3 Nbd7 8. b4 e5 9. Bb2 Kh8 10. Ba2 Nh5 11. Ng3 Nf4 12. Nge2 Qg5 13. g3 Nh3+ 14. Kh1 Nf6 15. f4 Qh5 16. Ng1 Ng4 17. Nxh3 Qxh3 18. Qe2 Nh6 19. Nd1 Bg4 20. Qg2 Qh5 21. h4 Be2 22. Re1 0-1